Starting Out Right: A Guide to Promoting Children's Reading Success (Record no. 23563)

MARC details
000 -LEADER
fixed length control field 00702nam a22002057a 4500
003 - CONTROL NUMBER IDENTIFIER
control field OSt
005 - DATE AND TIME OF LATEST TRANSACTION
control field 20260609095653.0
008 - FIXED-LENGTH DATA ELEMENTS--GENERAL INFORMATION
fixed length control field 260609b |||||||| |||| 00| 0 eng d
020 ## - INTERNATIONAL STANDARD BOOK NUMBER
International Standard Book Number 0309064104
040 ## - CATALOGING SOURCE
Transcribing agency Chuka University Library
050 ## - LIBRARY OF CONGRESS CALL NUMBER
Classification number LB 1139.5 .S7 1999
100 ## - MAIN ENTRY--PERSONAL NAME
Personal name Burns Susan M. (Editor)
9 (RLIN) 27719
245 ## - TITLE STATEMENT
Title Starting Out Right: A Guide to Promoting Children's Reading Success
260 ## - PUBLICATION, DISTRIBUTION, ETC.
Place of publication, distribution, etc. Washington
Name of publisher, distributor, etc. National Academy Press
Date of publication, distribution, etc. 1999
300 ## - PHYSICAL DESCRIPTION
Extent Various Pagings
Other physical details Illustrated
650 ## - SUBJECT ADDED ENTRY--TOPICAL TERM
Topical term or geographic name entry element Reading (Early Childhood)--United States
9 (RLIN) 27720
650 ## - SUBJECT ADDED ENTRY--TOPICAL TERM
Topical term or geographic name entry element Reading Disability--United States
9 (RLIN) 27721
700 ## - ADDED ENTRY--PERSONAL NAME
Personal name Griffin Peg, Snow Catherine E. (Editors)
9 (RLIN) 27722
942 ## - ADDED ENTRY ELEMENTS (KOHA)
Source of classification or shelving scheme Library of Congress Classification
Koha item type Long Loan Books
Suppress in OPAC No
Holdings
Withdrawn status Lost status Source of classification or shelving scheme Damaged status Not for loan Collection Home library Current library Shelving location Date acquired Source of acquisition Cost, normal purchase price Total Checkouts Full call number Barcode Date last seen Copy number Price effective from Koha item type
    Library of Congress Classification     General Collection Books Main Campus Library Main Campus Library General Stacks 09/06/2026 Donations From Books For Africa 2191.71   LB 1139.5 .S7 1999 33281/2026 09/06/2026 1 09/06/2026 Long Loan Books
    Library of Congress Classification     General Collection Books Main Campus Library Main Campus Library General Stacks 09/06/2026 Donations From Books For Africa 2191.71   LB 1139.5 .S7 1999 33282/2026 09/06/2026 2 09/06/2026 Long Loan Books

Powered by Koha